[Event "XXII Torneo di Capodanno"]
[Site "Reggio nell'Emilia ITA"]
[Date "1979.12.??"]
[Round "7"]
[White "Danner, Georg"]
[Black "Velikov, Petar V."]
[WhiteElo "2335"]
[BlackElo "2440"]
[Result "1/2-1/2"]
[PlyCount "22"]
[EventDate "1979.12.27"]

1. d4 d5 2. c4 dxc4 3. Nf3 Nf6 4. e3 e6 5. Bxc4 a6 6. Nc3 c5 7. O-O Be7 8. Qe2
b5 9. Bb3 Bb7 10. dxc5 Nbd7 11. Bc2 Nxc5 1/2-1/2

[Event "XXII Torneo di Capodanno"]
[Site "Reggio nell'Emilia ITA"]
[Date "1979.12.??"]
[Round "7"]
[White "Kochyev, Alexander V."]
[Black "Cappello, Renato"]
[WhiteElo "2545"]
[BlackElo "2405"]
[Result "1-0"]
[PlyCount "71"]
[EventDate "1979.12.27"]

1. Nf3 e6 2. g3 Nf6 3. c4 d5 4. d4 c5 5. Bg2 cxd4 6. O-O dxc4 7. Qxd4 Qxd4 8.
Nxd4 a6 9. Nd2 Bc5 10. e3 Nbd7 11. Nxc4 O-O 12. Rd1 Rb8 13. Nb3 Be7 14. Bd2 b6
15. e4 Bb7 16. Bf4 Rbc8 17. Nd6 Bxd6 18. Bxd6 Rfe8 19. f3 Rc2 20. Nd4 Rcc8 21.
a4 Nb8 22. Bf1 Red8 23. Nb3 Rc6 24. Be5 Re8 25. a5 b5 26. Rac1 Rxc1 27. Rxc1
Nc6 28. Bxf6 gxf6 29. Nc5 Nxa5 30. b4 Nc6 31. Nxb7 Nxb4 32. Rc7 Kf8 33. Nc5 Re7
34. Rc8+ Kg7 35. Ra8 Nc2 36. Nxa6 1-0

[Event "XXII Torneo di Capodanno"]
[Site "Reggio nell'Emilia ITA"]
[Date "1979.12.??"]
[Round "7"]
[White "Wagman, Stuart"]
[Black "Hess, Ralf Ernest"]
[Result "0-1"]
[WhiteElo "2315"]
[BlackElo "2335"]
[PlyCount "48"]
[EventDate "1979.12.27"]

1. e4 e5 2. Nf3 Nc6 3. Bb5 Nf6 4. O-O Bc5 5. c3 O-O 6. d4 Bb6 7. Bg5 h6 8. Bh4
d6 9. Bxc6 bxc6 10. a4 a5 11. Re1 Qe7 12. Nbd2 Bg4 13. dxe5 dxe5 14. Qe2 g5 15.
Bg3 Nd7 16. h3 Bh5 17. Qc4 Bc5 18. Reb1 Nb6 19. Qf1 Rfd8 20. b4 axb4 21. a5
bxc3 22. axb6 Rxa1 23. Rxa1 cxd2 24. Nxe5 d1=Q 0-1

[Event "XXII Torneo di Capodanno"]
[Site "Reggio nell'Emilia ITA"]
[Date "1979.12.??"]
[Round "8"]
[White "Adamski, Jan"]
[Black "Cappello, Renato"]
[Result "1/2-1/2"]
[WhiteElo "2415"]
[BlackElo "2405"]
[PlyCount "102"]
[EventDate "1979.12.27"]

1. c4 c5 2. Nc3 Nf6 3. g3 e6 4. Nf3 b6 5. Bg2 Bb7 6. O-O Be7 7. d4 cxd4 8. Qxd4
O-O 9. Rd1 d6 10. Bg5 h6 11. Bxf6 Bxf6 12. Qxd6 Qxd6 13. Rxd6 Bxc3 14. bxc3 Na6
15. a4 Nc5 16. Nd4 Bxg2 17. Kxg2 Ne4 18. Rc6 Rac8 19. a5 Nxc3 20. axb6 axb6 21.
Ra6 e5 22. Nf5 Kh7 23. Raxb6 Nxe2 24. Nd6 Rxc6 25. Rxc6 Nd4 26. Rb6 f6 27. c5
Rd8 28. h4 Kg8 29. c6 Rxd6 30. Rb8+ Kf7 31. c7 Rc6 32. c8=Q Rxc8 33. Rxc8 h5
34. Rh8 Kg6 35. Kf1 e4 36. Ke1 Nf5 37. Ke2 e3 38. Kf3 exf2 39. Kxf2 Nh6 40. Kf3
Ng4 41. Kf4 Nh6 42. Rb8 Ng4 43. Rb5 Nh6 44. Ke4 Ng4 45. Rb4 Nh6 46. Kd5 Nf5 47.
Rb3 Kf7 48. Ra3 Kg6 49. Rf3 Nh6 50. Ke6 Ng4 51. Rf4 Nh6 1/2-1/2

[Event "XXII Torneo di Capodanno"]
[Site "Reggio nell'Emilia ITA"]
[Date "1979.12.??"]
[Round "8"]
[White "Chevaldonnet, Francois"]
[Black "Danner, Georg"]
[Result "1/2-1/2"]
[WhiteElo "2345"]
[BlackElo "2335"]
[PlyCount "75"]
[EventDate "1979.12.27"]

1. e4 c5 2. Nf3 d6 3. d4 cxd4 4. Nxd4 Nf6 5. Nc3 a6 6. Bg5 Nbd7 7. Bc4 Qa5 8.
Qd2 e6 9. O-O-O b5 10. Bb3 Bb7 11. Rhe1 O-O-O 12. f3 Be7 13. a3 Kb8 14. Kb1 Rc8
15. Be3 Ne5 16. Qf2 Nfd7 17. Nde2 Nc4 18. Bxc4 Rxc4 19. Rd4 Rhc8 20. Red1 b4
21. axb4 Qxb4 22. Rxc4 Rxc4 23. Rd4 Ne5 24. Na2 Qa5 25. Nec3 Qc7 26. Rd1 Nd7
27. Bd4 g6 28. Qd2 Qd8 29. Qe2 Rc8 30. Bf2 Qa5 31. Qe3 Qc5 32. Qxc5 Nxc5 33.
Bg3 Kc7 34. Rd4 Nd7 35. Rc4+ Kd8 36. Rd4 Kc7 37. Rc4+ Kd8 38. Rd4 1/2-1/2

[Event "XXII Torneo di Capodanno"]
[Site "Reggio nell'Emilia ITA"]
[Date "1979.12.??"]
[Round "8"]
[White "Cramling, Dan"]
[Black "Karaklajic, Nikola"]
[Result "1-0"]
[WhiteElo "2355"]
[BlackElo "2460"]
[PlyCount "73"]
[EventDate "1979.12.27"]

1. c4 Nf6 2. Nc3 e6 3. e4 c5 4. e5 Ng8 5. Nf3 Nc6 6. d4 cxd4 7. Nxd4 Nxe5 8.
Qa4 Ne7 9. Bg5 a6 10. Ncb5 Qb6 11. c5 Qxc5 12. Rc1 axb5 13. Qxa8 Qb4+ 14. Rc3
f6 15. Be3 Kf7 16. Nxb5 g5 17. Be2 Qxb2 18. Bc1 Qb4 19. a3 Qb1 20. O-O Kg7 21.
Nd6 Qa1 22. Bd2 Qb2 23. Rd1 Nd5 24. Rxc8 Nb6 25. Ne8+ Kg6 26. Qxb7 Bxa3 27. Rb8
Bc5 28. Nd6 Rxb8 29. Qxb8 Kg7 30. Nc8 Nc6 31. Qb7 Nd4 32. Bh5 Kh6 33. Nxb6 Kxh5
34. Qe4 f5 35. Qe3 h6 36. Nxd7 Qc2 37. Rc1 1-0

[Event "XXII Torneo di Capodanno"]
[Site "Reggio nell'Emilia ITA"]
[Date "1979.12.??"]
[Round "8"]
[White "Lengyel, Levente"]
[Black "Kochyev, Alexander V."]
[Result "1/2-1/2"]
[WhiteElo "2455"]
[BlackElo "2545"]
[PlyCount "22"]
[EventDate "1979.12.27"]

1. d4 Nf6 2. c4 e6 3. Nf3 b6 4. g3 Bb4+ 5. Bd2 Bxd2+ 6. Qxd2 Ba6 7. Na3 O-O 8.
Bg2 Bb7 9. O-O d6 10. Nc2 Nbd7 11. Qd3 Be4 1/2-1/2

[Event "XXII Torneo di Capodanno"]
[Site "Reggio nell'Emilia ITA"]
[Date "1979.12.??"]
[Round "8"]
[White "Velikov, Petar V."]
[Black "Wagman, Stuart"]
[WhiteElo "2440"]
[BlackElo "2315"]
[Result "1/2-1/2"]
[PlyCount "34"]
[EventDate "1979.12.27"]

1. c4 c5 2. Nf3 Nf6 3. g3 b6 4. Bg2 Bb7 5. O-O g6 6. b3 Bg7 7. Bb2 O-O 8. Nc3
d5 9. Ne5 Qc7 10. Nb5 Qc8 11. d4 dxc4 12. bxc4 Bxg2 13. Kxg2 cxd4 14. Nxd4 Nbd7
15. Ndc6 Qb7 16. f3 Nxe5 17. Nxe5 Rac8 1/2-1/2

[Event "XXII Torneo di Capodanno"]
[Site "Reggio nell'Emilia ITA"]
[Date "1979.12.??"]
[Round "9"]
[White "Cappello, Renato"]
[Black "Lengyel, Levente"]
[Result "1/2-1/2"]
[WhiteElo "2405"]
[BlackElo "2455"]
[PlyCount "41"]
[EventDate "1979.12.27"]

1. d4 Nf6 2. Bg5 d5 3. Nc3 Nbd7 4. f3 c5 5. e4 dxe4 6. dxc5 Qa5 7. Bb5 a6 8.
Bxd7+ Nxd7 9. Qd4 e5 10. Qxe4 Nxc5 11. Qxe5+ Be6 12. Bf4 Be7 13. Qc7 Qb4 14.
Nge2 Rc8 15. Qe5 Bf6 16. Qd6 Qxb2 17. O-O Be7 18. Qe5 Bf6 19. Qd6 Rc6 20. Qb8+
Rc8 21. Qd6 1/2-1/2

[Event "XXII Torneo di Capodanno"]
[Site "Reggio nell'Emilia ITA"]
[Date "1979.12.??"]
[Round "9"]
[White "Danner, Georg"]
[Black "Adamski, Jan"]
[WhiteElo "2335"]
[BlackElo "2415"]
[Result "1/2-1/2"]
[PlyCount "32"]
[EventDate "1979.12.27"]

1. d4 Nf6 2. c4 e6 3. Nc3 d5 4. Bg5 Be7 5. e3 h6 6. Bh4 O-O 7. Nf3 Ne4 8. Bxe7
Qxe7 9. Qc2 Nxc3 10. Qxc3 c6 11. Bd3 Nd7 12. O-O dxc4 13. Bxc4 b6 14. e4 Bb7
15. Rad1 c5 16. d5 exd5 1/2-1/2

[Event "XXII Torneo di Capodanno"]
[Site "Reggio nell'Emilia ITA"]
[Date "1979.12.??"]
[Round "9"]
[White "Karaklajic, Nikola"]
[Black "Hess, Ralf Ernest"]
[Result "0-1"]
[WhiteElo "2460"]
[BlackElo "2335"]
[PlyCount "108"]
[EventDate "1979.12.27"]

1. e4 e5 2. Nf3 Nc6 3. Bc4 Nf6 4. d4 exd4 5. e5 Ng4 6. Qe2 Qe7 7. Bf4 f6 8.
exf6 Nxf6 9. Nbd2 d6 10. O-O-O Qxe2 11. Bxe2 Be7 12. Rhe1 Nd5 13. Bg3 Bd7 14.
Nb3 O-O-O 15. Nbxd4 Nxd4 16. Rxd4 Nb6 17. Bh4 Bxh4 18. Rxh4 Rdf8 19. Re4 Nd5
20. Nd4 Rxf2 21. Bf3 c5 22. Ne2 Rf8 23. Rh4 Nf6 24. Nc3 g5 25. Rh6 Bf5 26. Bd1
Kd7 27. g4 Bg6 28. Rh3 Re8 29. Rxe8 Nxe8 30. Be2 d5 31. Bb5+ Kd6 32. Bxe8 Bxe8
33. Rd3 Rf1+ 34. Kd2 d4 35. Ne4+ Kd5 36. Nxg5 Rf2+ 37. Ke1 Rxc2 38. Rd2 Rxd2
39. Kxd2 h6 40. Nh3 Bd7 41. Nf2 c4 42. Ke2 b5 43. a3 a5 44. h4 b4 45. axb4 axb4
46. Kd2 Ke5 47. Kc1 Kf4 48. g5 hxg5 49. hxg5 Bf5 50. Kd2 Kxg5 51. Nd1 Kf4 52.
Nf2 Kf3 53. Nd1 b3 54. Kc1 Ke2 0-1

[Event "XXII Torneo di Capodanno"]
[Site "Reggio nell'Emilia ITA"]
[Date "1979.12.??"]
[Round "10"]
[White "Adamski, Jan"]
[Black "Lengyel, Levente"]
[Result "1/2-1/2"]
[WhiteElo "2415"]
[BlackElo "2455"]
[PlyCount "32"]
[EventDate "1979.12.27"]

1. e4 c5 2. Nf3 Nc6 3. d4 cxd4 4. Nxd4 g6 5. c4 Nf6 6. Nc3 Nxd4 7. Qxd4 d6 8.
Be2 Bg7 9. Be3 O-O 10. Qd2 Be6 11. f3 Qa5 12. Rc1 Rfc8 13. b3 a6 14. Nd5 Qxd2+
15. Kxd2 Nxd5 16. cxd5 Bd7 1/2-1/2

[Event "XXII Torneo di Capodanno"]
[Site "Reggio nell'Emilia ITA"]
[Date "1979.12.??"]
[Round "10"]
[White "Danner, Georg"]
[Black "Wagman, Stuart"]
[Result "1/2-1/2"]
[WhiteElo "2335"]
[BlackElo "2315"]
[PlyCount "101"]
[EventDate "1979.12.27"]

1. d4 Nf6 2. c4 g6 3. Nc3 Bg7 4. e4 d6 5. Bd3 O-O 6. Bg5 h6 7. Bh4 e5 8. d5
Nbd7 9. Nf3 a5 10. Nd2 Nc5 11. Bc2 Bd7 12. O-O Qe8 13. b3 Nh5 14. a3 f5 15. f3
Nf4 16. b4 Ncd3 17. Bxd3 Nxd3 18. Qc2 Nf4 19. c5 g5 20. Bg3 g4 21. fxg4 fxg4
22. Nc4 axb4 23. axb4 Rxa1 24. Rxa1 Qd8 25. Bf2 Qf6 26. Ra7 h5 27. cxd6 Nxg2
28. Kxg2 Qf3+ 29. Kg1 g3 30. hxg3 Bh3 31. Ne3 Bh6 32. Qe2 Bxe3 33. Qxf3 Rxf3
34. Bxe3 Rxe3 35. Nb5 cxd6 36. Nxd6 Rxg3+ 37. Kh2 Rb3 38. Rxb7 Bg4 39. Ne8 Bf3
40. Nf6+ Kf8 41. d6 Rd3 42. Nh7+ Ke8 43. Ng5 Bg4 44. Re7+ Kd8 45. Rxe5 Kd7 46.
Nf7 Be6 47. Ng5 Bg4 48. Rb5 Rxd6 49. Kg3 Kc6 50. Rc5+ Kb6 51. Re5 1/2-1/2

[Event "XXII Torneo di Capodanno"]
[Site "Reggio nell'Emilia ITA"]
[Date "1979.12.??"]
[Round "10"]
[White "Hess, Ralf Ernest"]
[Black "Portisch, Ferenc"]
[Result "1/2-1/2"]
[WhiteElo "2335"]
[BlackElo "2475"]
[PlyCount "75"]
[EventDate "1979.12.27"]

1. c4 g6 2. Nc3 Bg7 3. d4 Nf6 4. e4 d6 5. f3 O-O 6. Nge2 Nc6 7. Bg5 a6 8. Qd2
Rb8 9. Nc1 e5 10. d5 Nd4 11. Nb3 c5 12. dxc6 bxc6 13. Rd1 Re8 14. Be2 Qb6 15.
Nxd4 exd4 16. Qxd4 Qxd4 17. Rxd4 d5 18. exd5 Nxd5 19. Re4 Bxc3+ 20. bxc3 Rxe4
21. fxe4 Rb1+ 22. Kf2 Rxh1 23. cxd5 Kg7 24. dxc6 f6 25. Bf4 g5 26. Bd6 Rc1 27.
Bc4 Rxc3 28. Bd5 Kg6 29. Ke2 Rc2+ 30. Kd3 Rc1 31. Ba3 Re1 32. Kd4 Re2 33. Bd6
Rxg2 34. Kc5 Rb2 35. Bb3 Rd2 36. Bd5 Rb2 37. Bb3 Rd2 38. Bd5 1/2-1/2

[Event "XXII Torneo di Capodanno"]
[Site "Reggio nell'Emilia ITA"]
[Date "1979.12.??"]
[Round "10"]
[White "Velikov, Petar V."]
[Black "Karaklajic, Nikola"]
[Result "1/2-1/2"]
[WhiteElo "2440"]
[BlackElo "2460"]
[PlyCount "115"]
[EventDate "1979.12.27"]

1. e4 e5 2. Nf3 Nc6 3. Bb5 Nf6 4. O-O Nxe4 5. d4 Nd6 6. Bxc6 dxc6 7. dxe5 Nf5
8. Qxd8+ Kxd8 9. b3 Ke8 10. Bb2 a5 11. Nc3 Bb4 12. h3 Bxc3 13. Bxc3 Ne7 14.
Rfe1 a4 15. Nd4 Nd5 16. Bd2 c5 17. c4 cxd4 18. cxd5 Bf5 19. Rac1 axb3 20. axb3
Ra2 21. Bb4 Bc2 22. e6 fxe6 23. dxe6 Rg8 24. Kf1 d3 25. Re3 c5 26. Bd2 Ke7 27.
Ke1 Ra6 28. b4 c4 29. Bc3 b5 30. Kd2 Rxe6 31. Rxe6+ Kxe6 32. Ra1 Ba4 33. Re1+
Kd6 34. h4 g6 35. f4 Bb3 36. Rg1 h5 37. Re1 Ra8 38. Ra1 Ba4 39. Re1 Rf8 40. Re4
Bb3 41. Re1 Kd7 42. g3 Kd6 43. Bb2 Ra8 44. Ra1 Re8 45. Re1 Rxe1 46. Kxe1 Kd5
47. Kd2 Ke4 48. Be5 Kf3 49. f5 gxf5 50. Bf4 Bc2 51. Be5 Ke4 52. Bf6 Bb3 53. Bc3
Bc2 54. Bf6 Kf3 55. Be5 c3+ 56. Kxc3 Ke2 57. Bf4 Bb3 58. Bd2 1/2-1/2

[Event "XXII Torneo di Capodanno"]
[Site "Reggio nell'Emilia ITA"]
[Date "1979.12.??"]
[Round "11"]
[White "Karaklajic, Nikola"]
[Black "Chevaldonnet, Francois"]
[Result "1-0"]
[WhiteElo "2460"]
[BlackElo "2345"]
[PlyCount "65"]
[EventDate "1979.12.27"]

1. e4 c5 2. Nf3 d6 3. d4 cxd4 4. Nxd4 Nf6 5. Nc3 a6 6. Be3 e5 7. Nde2 Be6 8. f4
Qc7 9. f5 Bc4 10. Bg5 Nbd7 11. Ng3 Rc8 12. Bxf6 Nxf6 13. Nh5 Nxh5 14. Qxh5 d5
15. Bd3 Bb4 16. O-O Bxc3 17. bxc3 dxe4 18. Bxc4 Qb6+ 19. Kh1 Rxc4 20. f6 g6 21.
Qxe5+ Qe6 22. Qb8+ Rc8 23. Qf4 Kd7 24. Rad1+ Kc6 25. Rd4 Rhe8 26. Rfd1 Kb6 27.
Rd6+ Ka7 28. Rxe6 Rxe6 29. Rd6 Rce8 30. Kg1 e3 31. Qd4+ Kb8 32. Rxe6 Rxe6 33.
Qd8+ 1-0

[Event "XXII Torneo di Capodanno"]
[Site "Reggio nell'Emilia ITA"]
[Date "1979.12.??"]
[Round "11"]
[White "Kochyev, Alexander V."]
[Black "Hess, Ralf Ernest"]
[WhiteElo "2545"]
[BlackElo "2335"]
[Result "1/2-1/2"]
[PlyCount "33"]
[EventDate "1979.12.27"]

1. Nf3 Nf6 2. c4 e6 3. g3 d5 4. d4 dxc4 5. Bg2 Nbd7 6. O-O c5 7. Na3 cxd4 8.
Nxc4 Nb6 9. Nxb6 Qxb6 10. Nxd4 Be7 11. a4 e5 12. Nb5 O-O 13. Be3 Qa5 14. Bd2
Qb6 15. Be3 Qa5 16. Bd2 Qb6 17. Be3 1/2-1/2

[Event "XXII Torneo di Capodanno"]
[Site "Reggio nell'Emilia ITA"]
[Date "1979.12.??"]
[Round "11"]
[White "Portisch, Ferenc"]
[Black "Velikov, Petar V."]
[WhiteElo "2475"]
[BlackElo "2440"]
[Result "1/2-1/2"]
[PlyCount "31"]
[EventDate "1979.12.27"]

1. d4 d5 2. c4 dxc4 3. Nf3 Nf6 4. e3 e6 5. Bxc4 a6 6. O-O c5 7. Qe2 Nc6 8. Nc3
b5 9. Bb3 Na5 10. Bc2 Bb7 11. Rd1 cxd4 12. exd4 Be7 13. Bg5 O-O 14. Ne5 Nd5 15.
Qh5 f5 16. Bxe7 1/2-1/2

[Event "XXII Torneo di Capodanno"]
[Site "Reggio nell'Emilia ITA"]
[Date "1979.12.??"]
[Round "11"]
[White "Wagman, Stuart"]
[Black "Adamski, Jan"]
[WhiteElo "2315"]
[BlackElo "2415"]
[Result "1/2-1/2"]
[PlyCount "101"]
[EventDate "1979.12.27"]

1. Nf3 c5 2. g3 Nc6 3. Bg2 g6 4. O-O Bg7 5. d3 d5 6. Nbd2 e6 7. e4 Nge7 8. Re1
b6 9. e5 Qc7 10. Qe2 g5 11. Nxg5 Qxe5 12. Qxe5 Nxe5 13. Nc4 Nxc4 14. dxc4 Bb7
15. c3 Rd8 16. Nh3 Bc6 17. cxd5 Bxd5 18. Bxd5 Nxd5 19. Nf4 h5 20. h3 Ke7 21.
Kf1 a6 22. Nxd5+ Rxd5 23. Be3 c4 24. Rad1 Rhd8 25. Rxd5 Rxd5 26. Ke2 Rb5 27.
Bc1 Ra5 28. a3 Re5+ 29. Kd1 Rd5+ 30. Kc2 f5 31. Be3 b5 32. Rd1 Kd6 33. Rxd5+
Kxd5 34. Kd2 e5 35. Bg5 Ke4 36. Ke2 f4 37. gxf4 Kf5 38. f3 Bf8 39. h4 e4 40.
Ke3 Bc5+ 41. Ke2 Bg1 42. Bh6 e3 43. Bg5 Bf2 44. Bd8 Kxf4 45. Bc7+ Kf5 46. Bd8
Ke6 47. Bg5 Kf5 48. Bd8 Bg3 49. Be7 Ke6 50. Bg5 Bf2 51. Bd8 1/2-1/2

[Event "XXII Torneo di Capodanno"]
[Site "Reggio nell'Emilia ITA"]
[Date "1979.12.??"]
[Round "12"]
[White "Chevaldonnet, Francois"]
[Black "Portisch, Ferenc"]
[WhiteElo "2345"]
[BlackElo "2475"]
[Result "0-1"]
[PlyCount "42"]
[EventDate "1979.12.27"]

1. e4 e6 2. d4 d5 3. e5 c5 4. c3 Nc6 5. Nf3 Nge7 6. Bd3 cxd4 7. cxd4 Nf5 8.
Bxf5 exf5 9. O-O Be6 10. b3 Be7 11. Ba3 Bxa3 12. Nxa3 Qa5 13. Nc2 f4 14. Qd3
Ne7 15. Rfc1 Bf5 16. Qe2 O-O 17. g3 Rac8 18. gxf4 Ng6 19. Nce1 Nxf4 20. Qe3 Ng6
21. a4 Qb4 0-1

[Event "XXII Torneo di Capodanno"]
[Site "Reggio nell'Emilia ITA"]
[Date "1979.12.??"]
[Round "12"]
[White "Cramling, Dan"]
[Black "Lengyel, Levente"]
[Result "1/2-1/2"]
[WhiteElo "2355"]
[BlackElo "2455"]
[PlyCount "20"]
[EventDate "1979.12.27"]

1. c4 c6 2. d4 d5 3. cxd5 cxd5 4. Nf3 Nf6 5. Nc3 Nc6 6. Bf4 e6 7. e3 Bd6 8. Bd3
O-O 9. O-O Bxf4 10. exf4 b6 1/2-1/2

[Event "XXII Torneo di Capodanno"]
[Site "Reggio nell'Emilia ITA"]
[Date "1979.12.??"]
[Round "12"]
[White "Danner, Georg"]
[Black "Karaklajic, Nikola"]
[Result "1/2-1/2"]
[WhiteElo "2335"]
[BlackElo "2460"]
[PlyCount "115"]
[EventDate "1979.12.27"]

1. d4 d5 2. c4 c6 3. Nf3 e6 4. e3 Nf6 5. Nc3 Nbd7 6. Bd3 a6 7. e4 dxc4 8. Bxc4
c5 9. d5 exd5 10. Nxd5 Nxd5 11. Qxd5 Qe7 12. Bg5 f6 13. Bf4 Nb6 14. Qd3 Nxc4
15. Qxc4 b5 16. Qe2 Be6 17. b3 Qf7 18. O-O Be7 19. e5 O-O 20. Rfe1 fxe5 21.
Nxe5 Qxf4 22. Nd3 Qf7 23. Qxe6 Bf6 24. Qxf7+ Rxf7 25. Rac1 Bd4 26. Re2 Rc8 27.
Kf1 Rfc7 28. Re4 Bf6 29. Ke2 Kf7 30. f4 c4 31. bxc4 Rxc4 32. Rcxc4 bxc4 33.
Ne5+ Bxe5 34. Rxe5 c3 35. Kd1 Rd8+ 36. Kc2 Rd2+ 37. Kxc3 Rxg2 38. Ra5 Rxh2 39.
Rxa6 h5 40. Kd4 Re2 41. Kd3 Re8 42. Ra5 g6 43. a4 Kf6 44. Rg5 Re1 45. a5 Re6
46. Re5 Rd6+ 47. Ke4 Rd1 48. Rb5 Ra1 49. Rb6+ Kg7 50. a6 Ra3 51. Rb7+ Kh6 52.
a7 h4 53. Rb8 Rxa7 54. Rh8+ Kg7 55. Rxh4 g5 56. Rg4 Ra4+ 57. Ke5 Kf7 58. Rxg5
1/2-1/2

[Event "XXII Torneo di Capodanno"]
[Site "Reggio nell'Emilia ITA"]
[Date "1979.12.??"]
[Round "12"]
[White "Velikov, Petar V."]
[Black "Kochyev, Alexander V."]
[Result "0-1"]
[WhiteElo "2440"]
[BlackElo "2545"]
[PlyCount "76"]
[EventDate "1979.12.27"]

1. d4 Nf6 2. c4 g6 3. Nc3 Bg7 4. e4 O-O 5. Be2 d6 6. Bg5 Nbd7 7. Qd2 c6 8. Nf3
e5 9. O-O exd4 10. Nxd4 Nc5 11. Bf3 Re8 12. b4 Ne6 13. Nxe6 Bxe6 14. Be2 a5 15.
b5 cxb5 16. Bxf6 Bxf6 17. cxb5 a4 18. Rac1 Qa5 19. Qd3 Bxc3 20. Rxc3 Bxa2 21.
Ra1 Be6 22. Qd4 Bd7 23. Rca3 Bxb5 24. Bxb5 Qxb5 25. Rxa4 Rxa4 26. Qxa4 Qxa4 27.
Rxa4 d5 28. f3 dxe4 29. fxe4 b5 30. Rb4 Rb8 31. Kf2 f6 32. Ke3 Kf7 33. Kd3 Ke6
34. Rd4 Rb7 35. Kc3 Ra7 36. Rd2 Ra4 37. Kd3 Ke5 38. Rb2 Rd4+ 0-1

[Event "XXII Torneo di Capodanno"]
[Site "Reggio nell'Emilia ITA"]
[Date "1979.12.??"]
[Round "13"]
[White "Cappello, Renato"]
[Black "Velikov, Petar V."]
[Result "1-0"]
[WhiteElo "2405"]
[BlackElo "2440"]
[PlyCount "57"]
[EventDate "1979.12.27"]

1. e4 c5 2. Nf3 e6 3. d4 cxd4 4. Nxd4 a6 5. Bd3 g6 6. Nc3 Bg7 7. Nb3 Nc6 8. Bf4
d6 9. Be2 Ne5 10. Qd2 Qc7 11. O-O-O Bf8 12. Nb5 Qb6 13. Nxd6+ Bxd6 14. Qxd6
Qxd6 15. Rxd6 Nc6 16. Rhd1 Nge7 17. Be5 O-O 18. Bf6 Re8 19. f4 Kf8 20. g4 Ng8
21. Bc3 e5 22. f5 Kg7 23. Nc5 g5 24. Bxa6 bxa6 25. Rxc6 Nf6 26. h3 Ra7 27. Rdd6
Ng8 28. f6+ Kg6 29. Nd3 1-0

[Event "XXII Torneo di Capodanno"]
[Site "Reggio nell'Emilia ITA"]
[Date "1979.12.??"]
[Round "13"]
[White "Karaklajic, Nikola"]
[Black "Wagman, Stuart"]
[Result "1-0"]
[WhiteElo "2460"]
[BlackElo "2315"]
[PlyCount "110"]
[EventDate "1979.12.27"]

1. e4 c5 2. Nf3 d6 3. d4 cxd4 4. Nxd4 Nf6 5. Nc3 e6 6. Bd3 a6 7. O-O Qc7 8. Kh1
b5 9. f4 Bb7 10. Qf3 Nbd7 11. Bd2 b4 12. Nd1 d5 13. e5 Ne4 14. Be3 Be7 15. Nf2
Ndc5 16. Nb3 Nxf2+ 17. Qxf2 Ne4 18. Bxe4 dxe4 19. Bb6 Qc8 20. Bc5 Qc7 21. a3
bxa3 22. Rxa3 Rc8 23. Bxe7 Qxe7 24. Nd4 O-O 25. f5 exf5 26. Qg3 f4 27. Qxf4 Rc5
28. Rb3 Bc8 29. Qxe4 Rxe5 30. Qf4 Re1 31. Rbf3 Rxf1+ 32. Rxf1 h6 33. h3 Qc5 34.
Rf3 Kh8 35. c3 Bb7 36. Rg3 a5 37. Kh2 Bc8 38. Nb3 Qb6 39. Qe5 Rg8 40. Nxa5 Qxb2
41. Nc4 Qa2 42. Nd6 Qe6 43. Qd4 f6 44. c4 Kh7 45. c5 Rf8 46. Re3 Qd7 47. Qd3+
Kh8 48. Qg6 Qc7 49. Rg3 Ba6 50. Ne8 Qf7 51. Qxg7+ Qxg7 52. Nxg7 Rc8 53. Nh5
Rxc5 54. Nxf6 Bc4 55. Rg6 h5 1-0

[Event "XXII Torneo di Capodanno"]
[Site "Reggio nell'Emilia ITA"]
[Date "1979.12.??"]
[Round "13"]
[White "Kochyev, Alexander V."]
[Black "Chevaldonnet, Francois"]
[Result "1/2-1/2"]
[WhiteElo "2545"]
[BlackElo "2345"]
[PlyCount "23"]
[EventDate "1979.12.27"]

1. d4 Nf6 2. c4 g6 3. g3 Bg7 4. Bg2 O-O 5. Nf3 d6 6. O-O c6 7. Nc3 Qa5 8. h3 e5
9. e4 Nbd7 10. d5 cxd5 11. cxd5 b5 12. Nd2 1/2-1/2